000 00877nam0a22002651 4500
001 v19\rc\1704343
005 20250619031744.0
035 _a(NLR Aleph) 004805549
090 _a4873870
_c4873870
100 _a20061002d1898 |||y0rusy50 ca
101 0 _arus
102 _aRU
105 _ay z |||||
200 1 _aТруды Двенадцатого Очередного съезда нефтепромышленников в г. Баку
_eС 21 апр. по 5 мая 1898 г.
_e[С прил.]
210 _aБаку
_d1898
215 _aXIV, 178, 144 с.
_d25
710 1 2 _aСъезд нефтепромышленников
_d12
_f1898
_eБаку
801 0 _aRU
_bNLR
_gpsbo
801 0 _aRU
_bRuMoRGB
_2psbo
801 1 _aRU
_bProSoft-M
_2rusmarc
852 _aNLR
_j18.297.4.40(4)
899 _aRuMoRGB
_jV 573/223
899 _aRuMoRGB
_jV 381/702
942 _cBOOK
980 _aNB